| 000 | 01105nam a22002657a 4500 | ||
|---|---|---|---|
| 005 | 20100924103433.0 | ||
| 008 | 100924t xxu||||| |||| 00| 0 hin d | ||
| 010 | _aHIN-90588 | ||
| 020 |
_a9788170651178 _c250.00 |
||
| 035 | _aHN-62934 | ||
| 037 | _bDBAD / PUB | ||
| 040 |
_aDPL _bHN |
||
| 082 | _a821.08 | ||
| 100 |
_aरामसुहागसिंह _921360 |
||
| 245 |
_aकला प्रकाश / _cरामसुहागसिंह |
||
| 246 |
_aKala parkash _bby Ramsuhugsingh |
||
| 250 | _a2रा संस्क | ||
| 260 |
_aनई दिल्ली _bआशा प्रकाशन गृह _c2009 |
||
| 270 |
_a30, नाईवाला, करोलबाग _bनई दिल्ली _e110005 _k011- 28751221 _l011- 28756324 |
||
| 300 |
_a173पृ. _c22सेमी (सजिल्द) |
||
| 650 | _9697 | ||
| 700 | _921361 | ||
| 942 |
_2ddc _cHN _h821.08 _mरामसु |
||
| 999 |
_c47637 _d47637 |
||